[Event "Utrecht OKU op-B"]
[Site "Utrecht"]
[Date "2000.05.21"]
[Round "6"]
[White "Seelemeijer, Jasper"]
[Black "Leget, R."]
[Result "0-1"]
[WhiteElo "1696"]
[BlackElo "1875"]
[PlyCount "44"]
[EventDate "2000.05.??"]
[EventType "swiss"]
[EventRounds "6"]
[EventCountry "NED"]
[SourceTitle "EXT 2002"]
[Source "ChessBase"]
[SourceDate "2001.11.25"]
[SourceVersion "1"]
[SourceVersionDate "2001.11.25"]
[SourceQuality "1"]

1. d4 d5 2. c4 Nc6 3. Nc3 dxc4 4. d5 Na5 5. e4 e6 6. Qa4+ c6 7. b4 cxb3 8. axb3 Bd7 9. Qxa5 Qxa5 10. Rxa5 Bb4 11. Ra2 Bxc3+ 12. Kd1 cxd5 13. exd5 exd5 14. Be3 d4 15. Bf4 Be6 16. Kc2 Nf6 17. Bb5+ Ke7 18. Bg5 a6 19. Bd3 Rac8 20. Ne2 h6 21. Bxf6+ Kxf6 22. Ng3 Ke7 0-1

[Event "Utrecht OKU op-B"]
[Site "Utrecht"]
[Date "2000.05.20"]
[Round "3"]
[White "Gentenaar, Pim L"]
[Black "Leget, R."]
[Result "1-0"]
[WhiteElo "1713"]
[BlackElo "1875"]
[PlyCount "45"]
[EventDate "2000.05.??"]
[EventType "swiss"]
[EventRounds "6"]
[EventCountry "NED"]
[SourceTitle "EXT 2002"]
[Source "ChessBase"]
[SourceDate "2001.11.25"]
[SourceVersion "1"]
[SourceVersionDate "2001.11.25"]
[SourceQuality "1"]

1. d4 Nf6 2. c4 g6 3. Nc3 Bg7 4. e4 d6 5. Be2 0-0 6. Bg5 Nbd7 7. Qd2 c5 8. d5 a6 9. Nf3 Rb8 10. a4 Ng4 11. h3 Nge5 12. Bh6 Nxf3+ 13. Bxf3 Bxh6 14. Qxh6 Qb6 15. 0-0 Ne5 16. Be2 Qb4 17. a5 Qxb2 18. Qe3 f5 19. f4 Nxc4 20. Bxc4 Qb4 21. Ra4 Qb2 22. Rb1 Qc2 23. Ra2 1-0

[Event "Utrecht OKU op-B"]
[Site "Utrecht"]
[Date "2000.05.19"]
[Round "1"]
[White "Meuwissen, Rene"]
[Black "Leget, R."]
[Result "0-1"]
[WhiteElo "1643"]
[BlackElo "1875"]
[PlyCount "80"]
[EventDate "2000.05.??"]
[EventType "swiss"]
[EventRounds "6"]
[EventCountry "NED"]
[SourceTitle "EXT 2002"]
[Source "ChessBase"]
[SourceDate "2001.11.25"]
[SourceVersion "1"]
[SourceVersionDate "2001.11.25"]
[SourceQuality "1"]

1. e4 Nc6 2. f4 e5 3. Nf3 exf4 4. d4 d5 5. e5 g5 6. Bd3 g4 7. Bxf4 gxf3 8. Qxf3 Nxd4 9. Qf2 Nc6 10. 0-0 Be6 11. Nd2 Qd7 12. Nf3 Nge7 13. Ng5 Ng6 14. Bg3 Be7 15. Nxe6 fxe6 16. Qf7+ Kd8 17. Kh1 Bg5 18. Bxg6 hxg6 19. Qxg6 Be7 20. Rf7 b6 21. Raf1 Kc8 22. h4 Kb7 23. Rg7 Raf8 24. Rxf8 Rxf8 25. h5 Qe8 26. h6 Qxg6 27. Rxg6 Rh8 28. Bf4 Nd4 29. g4 Nxc2 30. Rxe6 Rh7 31. g5 Nd4 32. Rg6 Nf5 33. Rg8 Bxg5 34. Bxg5 Nxh6 35. Bxh6 Rxh6+ 36. Kg2 Rh4 37. Kf3 Re4 38. Re8 Kc6 39. a3 Kd7 40. Ra8 a5 0-1